000 00274nam a2200109Ia 4500
008 200302s9999 xx 000 0 und d
100 _aM. Christine Boyer
245 _aLe Corbusier Homme De Lettres
260 _bPrinceton Architectural Press
260 _c2011
300 _a780
999 _c7279
_d7279